000 00716nam a2200241Ia 4500
003 OSt
005 20220927105028.0
006 a|||||r|||| 00| 0
007 ta
008 220926b |||||||| |||| 00| 0 eng d
024 _a187171
037 _cReference Collections
040 _aRTL
_cRTL
_beng
041 _2eng
_aeng
082 _a"X9(D6).2.N45r, H5/GD"
110 _aKIRLOSKAR BROTHERS LTD.
_9369626
245 0 _a"Annual report,1945"
260 _aKirloskarvadi
_bKirloskar Brothers Ltd.
_c1945
300 _aVarious pages
_ccm.
700 _aKIRLOSKAR BROTHERS LTD.
_9369627
942 _h"X9(D6).2.N45r, H5/GD"
_cCC
999 _c690325
_d690325